Group of Twenty (G20) Members - Statistics

General Stats
  • This quiz has been taken 106 times
  • The average score is 21 of 23
Answer Stats
Status Continent Member % Correct
Member Country South America Argentina
100%
Member Country South America Brazil
100%
Member Country Europe/Asia Russia
100%
Member Country Oceania Australia
98%
Member Country Asia China
98%
Member Country Europe France
98%
Member Country North America Canada
97%
Member Country Asia Indonesia
97%
Member Country Europe Italy
97%
Member Country Africa South Africa
97%
Member Country Asia South Korea
95%
Member Country Europe United Kingdom
95%
Member Country North America United States
95%
Member Country Europe Germany
94%
Member Country Asia India
94%
Member Country Asia Japan
94%
Member Country North America Mexico
94%
Member Country Asia Saudi Arabia
94%
Member Country Europe/Asia Turkey
92%
Invitee Country Europe Spain
81%
Member Organization Europe European Union
69%
Member Organization Africa African Union
50%
Invitee Organization Asia Association of SoutheastAsian Nations (ASEAN)
41%
No matching quizzes found
Score Distribution
Percent of People with Each Score
Percentile by Number Answered
Your Score History
You have not taken this quiz